Music: Guess the 1990s Songs from their Opening Lyrics (Part I) - Statistics

General Stats
  • This quiz has been taken 102 times
  • The average score is 7 of 20
Answer Stats
Opening Lines Song % Correct
Today is gonna be the day that they're gonna throw it back to you Wonderwall
93%
I don't care if Monday's blue, Tuesday's grey and Wednesday too Friday I'm In Love
60%
An old man turned 98, he won the lottery and died the next day Ironic
59%
Sometimes I feel like I don't have a partner, sometimes I feel like my only friend is the city I live in Under the Bridge
55%
When you were here before couldn't look you in the eye, you're just like an angel Creep
53%
In the time of chimpanzees I was a monkey, butane in my veins and I'm out to cut the junkie Loser
46%
Her name is Noelle, I have a dream about her, she rings my bell Teenage Dirtbag
43%
Do you have the time to listen to me whine Basket Case
42%
I'm the trouble starter, punkin' instigator, I'm the fear addicted, danger illustrated Firestarter
35%
What's with these homies dissin' my girl? Why do they gotta front? Buddy Holly
33%
Oh, my life, is changing everyday, in every possible way Dreams
31%
When your day is long and the night, the night is yours alone Everybody Hurts
29%
I can't stand it, I know you planned it, I'm gonna set it straight this Watergate Sabotage
29%
She came from Greece she had a thirst for knowledge, she studied sculpture at St Martin's College Common People
28%
La la lalala, la la lalala... I wrote her off for the tenth time today and practiced all the things I would say Self Esteem
23%
Wake up kids, we got the dreamers' disease, age fourteen, they got you down on your knees You Get What You Give
23%
When I look into your eyes I can see a love restrained November Rain
19%
Run and tell all of the angels this could take all night Learn to Fly
16%
This bed is on fire with passionate love, the neighbours complain about the noises above Laid
13%
Warm sun feed me up and I'm leery, loaded up Swallowed
10%
No matching quizzes found
Score Distribution
Percent of People with Each Score
Percentile by Number Answered
Your Score History
You have not taken this quiz